000 00957nam a2200301Ia 4500
001 Para_7578
003 CHAP
008 220125s1911 xx 000 0 und d
010 _a206492
040 _cCHAP
082 _aPA-C 632.7 B85
100 _aQuayle, H.J.
245 _aCitrus fruit insects /
_c by H.J. Quayle
260 _aSacramento :
_b University of California. College of Agriculture. Agricultural Experiment Station
300 _a444-511 p.
440 _aCalifornia Agr. Exp. Sta. Bulletin; 214
_9172786
500 _aEncuadernado con otros impresos similares
650 _aAgricultura
_x California
_xcolecciones de escritos
_9172776
650 _aAgricultura
_x California
_xplagas
_9172777
650 _aCĂ­tricos
_x plagas
_924458
901 _aPA-C 632.7 B85
902 _aA
905 _a0000001911 0000000000 00
910 _a1911
942 _cPARA
942 _cPARA
_d1
999 _c206492
_d206492